<?xml version="1.0" encoding="UTF-8"?>
<marc:record xmlns:marc="http://www.loc.gov/MARC21/slim">
   <marc:leader>00000nam a2200000 a 4500</marc:leader>
   <marc:datafield ind1="1" ind2=" " tag="100">
      <marc:subfield code="a">Henckel, Hella</marc:subfield>
      <marc:subfield code="4">edt</marc:subfield>
      <marc:subfield code="e">Bearbeiter/-in</marc:subfield>
   </marc:datafield>
   <marc:datafield ind1=" " ind2=" " tag="653">
      <marc:subfield code="a">Häusliche Arbeiten</marc:subfield>
   </marc:datafield>
   <marc:datafield ind1=" " ind2=" " tag="653">
      <marc:subfield code="a">Softcover / Ratgeber/Hobby</marc:subfield>
   </marc:datafield>
   <marc:datafield ind1=" " ind2=" " tag="653">
      <marc:subfield code="a">Haus/Kreatives Gestalten</marc:subfield>
   </marc:datafield>
   <marc:datafield ind1=" " ind2=" " tag="653">
      <marc:subfield code="a">Anleitung</marc:subfield>
   </marc:datafield>
   <marc:datafield ind1="0" ind2="0" tag="245">
      <marc:subfield code="a">Weihnachtszauber</marc:subfield>
   </marc:datafield>
   <marc:datafield ind1="0" ind2="0" tag="245">
      <marc:subfield code="b">schöner leben, feiern und dekorieren ; die schönsten Ideen für ein gelungenes Fest!</marc:subfield>
   </marc:datafield>
   <marc:datafield ind1="0" ind2="0" tag="245">
      <marc:subfield code="c">Hrsg. Bloom's GmbH, Ratingen. Fotos Patrick Pantze Imgages GmbH, Lage. Red. Hella Henckel (verantw.) ...</marc:subfield>
   </marc:datafield>
   <marc:datafield ind1=" " ind2="1" tag="264">
      <marc:subfield code="a">Stuttgart (Hohenheim)</marc:subfield>
      <marc:subfield code="b">Ulmer</marc:subfield>
      <marc:subfield code="c">2013</marc:subfield>
   </marc:datafield>
   <marc:datafield ind1="1" ind2=" " tag="520">
      <marc:subfield code="a">Angaben aus der Verlagsmeldung

Weihnachtszauber : Schöner leben, feiern unde dekorieren

Die schönsten Ideen zum Weihnachtsfest
- Dekovorschläge, damit’s weihnachtlich wird
- Die schönsten Ideen zum Selbermachen und Verschenken
- Bastelideen und Rezepte
Das Bookazine WeihnachtsZAUBER macht jede Menge Lust auf das schönste Fest des Jahres! Es zeigt stimmungsvolle Dekorationsvorschläge mit jeder Menge Ideen fürs Stylen und Selbermachen. Dazu die schönsten Basteleien für die winterlich-weihnachtliche Jahreszeit, sowie lustige Stiefelideen zum Nikolaustag, die Freude machen, selbstgemachte Adventskalender, die die Zeit des Wartens verkürzen, und festlich gedeckte Tafeln, wenn Ihre Gäste kommen. Leckere Rezepte aus der Weihnachtsbäckerei runden die Winter- und Weihnachtsideen aus der Fülle der Natur bis zu unkonventionellen Dekorationsideen für drinnen und draußen ab.
</marc:subfield>
   </marc:datafield>
   <marc:datafield ind1=" " ind2=" " tag="020">
      <marc:subfield code="a">9783800180820</marc:subfield>
      <marc:subfield code="9">9783800180820</marc:subfield>
   </marc:datafield>
   <marc:datafield ind1=" " ind2=" " tag="020">
      <marc:subfield code="a">3800180820</marc:subfield>
      <marc:subfield code="9">3800180820</marc:subfield>
   </marc:datafield>
   <marc:datafield ind1=" " ind2=" " tag="041">
      <marc:subfield code="a">ger</marc:subfield>
   </marc:datafield>
   <marc:datafield ind1=" " ind2=" " tag="300">
      <marc:subfield code="a">120 S.</marc:subfield>
   </marc:datafield>
</marc:record>
